Biely mlyn

Saved in:
Bibliographic Details
Main Author: Gendiar, Jakub (Author)
Other Authors: Jakeš, Erik (Thesis advisor)
Format: Manuscript Book
Language:Slovak
Published: 2017
Subjects:
Online Access:http://is.stuba.sk/zp/portal_zp.pl?podrobnosti=125085
https://opac.crzp.sk/?fn=detailBiblioForm&sid=4B7A8F8230E492173211678DC396
Tags: Add Tag
No Tags, Be the first to tag this record!

MARC

LEADER 00000ntm a22000003a 4500
001 stuzp62558
003 SK-STU
005 20230810135055.9
007 ta
008 150427s2015----xo-----f-mn---000-0-slo-d
040 |a STU  |b slo 
041 0 |a slo 
100 1 |a Gendiar, Jakub  |u 010180  |4 aut  |U SvF Stavebná fakulta  |T SvF Katedra konštrukcií pozemných stavieb  |X 41988  |U V180  |Y 18  |7 41988 
242 0 1 |a The White mill  |y eng 
245 1 0 |a Biely mlyn 
260 |c 2017 
650 4 |a mlyn  |2 slo 
650 4 |a modernizácia  |2 slo 
650 4 |a malá vodná elektráreň  |2 slo 
650 4 |a modernization  |2 eng 
650 4 |a mill  |2 eng 
650 4 |a small hydroelectric power plant  |2 eng 
700 1 |a Jakeš, Erik  |u 010180  |k Z1  |4 ths  |U SvF Stavebná fakulta  |T SvF Katedra konštrukcií pozemných stavieb  |X 2701  |U V180  |Y 18  |7 A000002701 
856 4 |u http://is.stuba.sk/zp/portal_zp.pl?podrobnosti=125085 
856 4 |u https://opac.crzp.sk/?fn=detailBiblioForm&sid=4B7A8F8230E492173211678DC396